| 000 | 00548nam a2200181Ia 4500 | ||
|---|---|---|---|
| 008 | 220531s9999 xx 000 0 und d | ||
| 041 | _amar | ||
| 082 | _bJAG | ||
| 100 |
_aजगताप. वा. शं. _973703 |
||
| 245 | _aसमाजशास्त्र (लोकसंख्या आणि समाज) | ||
| 250 | _a1ST | ||
| 260 |
_aPune _bSuccess _c2014 |
||
| 300 | _a8.16 | ||
| 542 | _d09-10-2018 | ||
| 650 |
_aLoksankhya va Samaj _973704 |
||
| 906 |
_cS.Y.B.A. _d2018-2019 _eElantas Beck Co. _f14932 |
||
| 999 |
_c41081 _d41081 |
||